00466nam a2200121Ia 4500008004100000245016100041260003600202260000900238300000600247650002600253650001200279856005300291170516s9999 xx 000 0 und d aMalpractice in Radiology: What Should You Worry About?, Alessandro Cannavale, Mariangela Santoni, Paola Mancarella, Roberto Passariello, and Paolo Arbarello bRadiology Research and Practice c2013 a: xRadiologic Technology xRadtech uhttps://www.hindawi.com/journals/rrp/contents/3/